000 00361nam a2200145Ia 4500
008 240624s9999 xx 000 0 und d
041 _aeng
082 _a340 BLA
100 _aBLANPAIN R
245 _aINTERNATIONAL ENCYCLOPEDIA OF LAWS
260 _c2008
_aNew Delhi
_bWolters Kluwer India
300 _a356 : p. : cm. ; 24
365 _cRS
_b25
440 _v4
999 _c23246
_d23246